The doctrine of the Holy Spirit / (Record no. 1965)
[ view plain ]
| 000 -LEADER | |
|---|---|
| fixed length control field | 01192cam a2200373Ii 4500 |
| 001 - CONTROL NUMBER | |
| control field | 453801 |
| 003 - CONTROL NUMBER IDENTIFIER | |
| control field | GBCCL |
| 005 - DATE AND TIME OF LATEST TRANSACTION | |
| control field | 20241126110414.0 |
| 008 - FIXED-LENGTH DATA ELEMENTS--GENERAL INFORMATION | |
| fixed length control field | 760601r19741988stk b 001 0 eng d |
| 020 ## - INTERNATIONAL STANDARD BOOK NUMBER | |
| International Standard Book Number | 0851511872 |
| 020 ## - INTERNATIONAL STANDARD BOOK NUMBER | |
| International Standard Book Number | 9780851511870 |
| 029 1# - | |
| -- | AU@ |
| -- | 000010790327 |
| 029 1# - | |
| -- | NLGGC |
| -- | 256442398 |
| 035 ## - SYSTEM CONTROL NUMBER | |
| System control number | (OCoLC)ocm02204069 |
| 035 ## - SYSTEM CONTROL NUMBER | |
| System control number | (OCoLC)2204069 |
| 040 ## - CATALOGING SOURCE | |
| Original cataloging agency | BCT |
| Language of cataloging | eng |
| Transcribing agency | BCT |
| Modifying agency | OCLCG |
| -- | TDT |
| -- | OCLCQ |
| -- | OCLCF |
| -- | OCLCQ |
| -- | OCLCO |
| -- | LBB |
| 049 ## - | |
| -- | LBBA |
| -- | LBBC |
| 050 #4 - | |
| -- | BT121 |
| -- | .S62 1974 |
| 082 04 - DEWEY DECIMAL CLASSIFICATION NUMBER | |
| Classification number | 231.3 |
| Item number | SME |
| 090 ## - LOCALLY ASSIGNED LC-TYPE CALL NUMBER (OCLC); LOCAL CALL NUMBER (RLIN) | |
| Classification number (OCLC) (R) ; Classification number, CALL (RLIN) (NR) | BT121 |
| Local cutter number (OCLC) ; Book number/undivided call number, CALL (RLIN) | .S62 1974 |
| 100 1# - MAIN ENTRY--PERSONAL NAME | |
| Personal name | Smeaton, George, |
| Dates associated with a name | 1814-1889. |
| 9 (RLIN) | 4058 |
| 245 14 - TITLE STATEMENT | |
| Title | The doctrine of the Holy Spirit / |
| Statement of responsibility, etc. | George Smeaton. |
| 250 ## - EDITION STATEMENT | |
| Edition statement | 2d ed. |
| 260 ## - PUBLICATION, DISTRIBUTION, ETC. | |
| Place of publication, distribution, etc. | Edinburgh ; |
| -- | Carlisle, Pa. : |
| Name of publisher, distributor, etc. | Banner of Truth Trust, |
| Date of publication, distribution, etc. | 1997, c1974. |
| 300 ## - PHYSICAL DESCRIPTION | |
| Extent | ix, 418 pages ; |
| Dimensions | 23 cm |
| 336 ## - CONTENT TYPE | |
| Content type term | text |
| Content type code | txt |
| Source | rdacontent |
| 337 ## - MEDIA TYPE | |
| Media type term | unmediated |
| Media type code | n |
| Source | rdamedia |
| 338 ## - CARRIER TYPE | |
| Carrier type term | volume |
| Carrier type code | nc |
| Source | rdacarrier |
| 500 ## - GENERAL NOTE | |
| General note | Reprint of 2d ed., Edinburgh : T. & T. Clark, 1889. |
| 504 ## - BIBLIOGRAPHY, ETC. NOTE | |
| Bibliography, etc. note | Includes bibliographical references and indexes. |
| 650 #0 - SUBJECT ADDED ENTRY--TOPICAL TERM | |
| Topical term or geographic name entry element | Holy Spirit. |
| 9 (RLIN) | 225 |
| 650 #7 - SUBJECT ADDED ENTRY--TOPICAL TERM | |
| Topical term or geographic name entry element | Holy Spirit. |
| Source of heading or term | fast |
| Authority record control number or standard number | (OCoLC)fst00959009 |
| 9 (RLIN) | 225 |
| 942 ## - ADDED ENTRY ELEMENTS (KOHA) | |
| Source of classification or shelving scheme | Dewey Decimal Classification |
| Koha item type | Books |
| Koha issues (borrowed), all copies | 14 |
| Withdrawn status | Lost status | Source of classification or shelving scheme | Damaged status | Not for loan | Home library | Current Library | Shelving location | Date acquired | Total checkouts | Total renewals | Full call number | Barcode | Date last seen | Date last checked out | Copy number | Price effective from | Koha item type |
|---|---|---|---|---|---|---|---|---|---|---|---|---|---|---|---|---|---|
| Dewey Decimal Classification | GRACE BIBLE COLLEGE | GRACE BIBLE COLLEGE | Theology | 2017-06-05 | 15 | 3 | 231.3 SME | 006730 | 2025-05-01 | 2025-02-13 | c.1 | 2017-06-05 | Books |